000 00856nam a22001337a 4500
040 _cRUA
082 _aAVM PAN 2010 B093 Or.1
100 _aPAN, MONY.
245 _aEffect of earth worm (Eisenia foetida) and white amaranth (Amaranthus albus.L) in HI-GRO commercial on growth rate of chicken at royal university of agriculture, ឥទ្ធិពលនៃការបន្ថែមជន្លេនក្រហម និងផ្ទីសស្រស់ទៅលើចំណីស៊ីភី សម្រាប់ការលូតលាស់របស់មាន់សាច់នៅសាកលវិទ្យាល័យភូមិន្ទកសិកម្ម
260 _aPhnom Penh
_bRUA
_c2010
300 _axiii; 41p.
_bill.
_c29cm.
856 _uhttps://drive.google.com/file/d/1ZKQ19JBWVCVl7OYTGcrVl7592z_ZUBDf/view?usp=sharing
942 _cAVM
999 _c2404
_d2404